|
|
|
|
| LEADER |
00000cam a2200000 7i4500 |
| 001 |
0000144792 |
| 005 |
20101201.0 |
| 020 |
|
|
|a 1592334156
|
| 020 |
|
|
|a 9781592334155
|
| 090 |
0 |
0 |
|a 613.28332
|b TEI
|
| 100 |
1 |
|
|a Teitelbaum, Jacob
|
| 245 |
1 |
0 |
|a Beat sugar addiction now!
|c Jacob Teitelbaum ; Chrystle Fiedler
|
| 260 |
|
|
|a Beverly :
|b Fair Winds Press ,
|c 2010
|
| 300 |
|
|
|a 255p. ;
|c 23cm.
|
| 650 |
0 |
0 |
|a Health
|
| 650 |
0 |
0 |
|a Nutritionally induced diseases
|
| 650 |
0 |
0 |
|a Sugar
|x Physiological effect
|
| 650 |
0 |
0 |
|a Weight loss
|
| 700 |
1 |
|
|a Fiedler, Chrystle
|
| 999 |
|
|
|a 00243312
|b BUKU
|c PINJAMAN
|e PERPUSTAKAAN KOMUNITI PETALING JAYA
|